[Event "4NCL Online Div 5 Playoff"]
[Site "online"]
[Date "2020.12.01"]
[Round "8.11"]
[White "Eames, Robert S"]
[Black "Duckers, Harvey L"]
[Result "1-0"]
[WhiteElo "2267"]
[BlackElo "2080"]
[PlyCount "47"]
[EventDate "2020.12.01"]
[WhiteTeam "Hackney Thirsty"]
[BlackTeam "Crowthorne 1"]

1. e4 c5 2. Nf3 e6 3. d4 cxd4 4. Nxd4 Qb6 5. Be3 Bc5 6. Na3 Qxb2 7. Nab5 Bb4+
8. Ke2 Na6 9. Rb1 Qxa2 10. Rxb4 Nxb4 11. Nc7+ Kd8 12. Nxa8 Ne7 13. Kf3 b6 14.
Nb5 d5 15. Nxa7 Bb7 16. Bb5 Nec6 17. Bxb6+ Ke7 18. Bc5+ Kf6 19. Nxc6 Nxc6 20.
exd5 Ne5+ 21. Kg3 Rxa8 22. f4 Qxd5 23. Qxd5 Bxd5 24. Bd4 1-0

[Event "4NCL Online Div 5 Playoff"]
[Site "online"]
[Date "2020.12.01"]
[Round "8.12"]
[White "Johnson, Derek R"]
[Black "Mackle, Dominic"]
[Result "0-1"]
[WhiteElo "2012"]
[BlackElo "2192"]
[PlyCount "74"]
[EventDate "2020.12.01"]
[WhiteTeam "Crowthorne 1"]
[BlackTeam "Hackney Thirsty"]

1. e4 e5 2. Nf3 Nc6 3. d4 exd4 4. Nxd4 Bb4+ 5. c3 Bc5 6. Nxc6 bxc6 7. Bc4 Qh4
8. O-O Nf6 9. g3 Qh3 10. Qf3 O-O 11. Bg5 Ng4 12. Qg2 Qh5 13. Bf4 Ne5 14. Bxe5
Qxe5 15. Nd2 d6 16. Kh1 Rb8 17. Bb3 Qh5 18. h4 Qe2 19. f3 Qxg2+ 20. Kxg2 d5 21.
Rfe1 a5 22. Rad1 a4 23. Bxa4 Rxb2 24. Kh1 Bf2 25. Re2 Bxg3 26. Bxc6 dxe4 27.
Rxe4 Rxa2 28. Nf1 Bd6 29. Ne3 Bh3 30. Rc1 Re2 31. Rd1 Bc5 32. Rd3 Rb8 33. Rc4
Bxe3 34. Rb4 Rf8 35. Re4 Bg2+ 36. Kh2 Bxf3+ 37. Kg3 Bxe4 0-1

[Event "4NCL Online Div 5 Playoff"]
[Site "online"]
[Date "2020.12.01"]
[Round "8.13"]
[White "Tennyson, John"]
[Black "Taylor, Mark V"]
[Result "1-0"]
[WhiteElo "2020"]
[BlackElo "1832"]
[PlyCount "57"]
[EventDate "2020.12.01"]
[WhiteTeam "Hackney Thirsty"]
[BlackTeam "Crowthorne 1"]

1. c4 e5 2. g3 Nf6 3. Nc3 c6 4. Bg2 d5 5. cxd5 cxd5 6. d4 exd4 7. Qxd4 Nc6 8.
Qa4 d4 9. Nb5 Bb4+ 10. Kf1 O-O 11. Bg5 Be7 12. Rd1 Qb6 13. Nf3 Bd7 14. Nbxd4
Nxd4 15. Qxd4 Bc5 16. Qd2 Ba4 17. b3 Ne4 18. Qc2 Nxf2 19. bxa4 Nxd1 20. Qxd1 f6
21. Bd2 Rad8 22. Qb3+ Kh8 23. Qxb6 Bxb6 24. Ke1 Rfe8 25. Kd1 Be3 26. Kc2 Bxd2
27. Nxd2 Rxe2 28. Bxb7 Rd3 29. Kxd3 1-0

[Event "4NCL Online Div 5 Playoff"]
[Site "online"]
[Date "2020.12.01"]
[Round "8.14"]
[White "Green, George D A"]
[Black "Baumann, Tobias"]
[Result "1/2-1/2"]
[WhiteElo "1825"]
[BlackElo "2005"]
[PlyCount "63"]
[EventDate "2020.12.01"]
[WhiteTeam "Crowthorne 1"]
[BlackTeam "Hackney Thirsty"]

1. Nf3 c5 2. c4 Nf6 3. Nc3 Nc6 4. g3 g6 5. Bg2 Bg7 6. O-O O-O 7. d4 cxd4 8.
Nxd4 Qb6 9. Nf3 d6 10. Qb3 Qxb3 11. axb3 Bf5 12. Be3 Ng4 13. Bd2 Bc2 14. h3
Nge5 15. Nxe5 Bxe5 16. b4 Nxb4 17. Bxb7 Rab8 18. Bg2 a6 19. Nd5 Nxd5 20. Bxd5
Rxb2 21. Rxa6 Bf5 22. Bh6 Rfb8 23. Ra7 Bxh3 24. Rxe7 Bxf1 25. Rxf7 Kh8 26. Kxf1
Rb1+ 27. Kg2 Re1 28. e3 Re2 29. Kf3 Re1 30. Kg2 Re2 31. Kf3 Re1 32. Kg2 1/2-1/2

[Event "4NCL Online Div 5 Playoff"]
[Site "online"]
[Date "2020.12.01"]
[Round "8.21"]
[White "Stoica, Savas Marin"]
[Black "Foister, Steven A M"]
[Result "1-0"]
[WhiteElo "2042"]
[BlackElo "2175"]
[PlyCount "57"]
[EventDate "2020.12.01"]
[WhiteTeam "Barnet Knights A"]
[BlackTeam "Maidenhead 1"]

1. e4 e5 2. Nf3 Nc6 3. Bb5 a6 4. Ba4 d6 5. O-O Nf6 6. Re1 Be7 7. d4 exd4 8.
Nxd4 Bd7 9. Bxc6 bxc6 10. Nc3 O-O 11. Qf3 h6 12. b3 Qc8 13. h3 c5 14. Nf5 Bxf5
15. exf5 Qd7 16. Bb2 Rfe8 17. Ne4 Nxe4 18. Rxe4 Bf8 19. Rg4 d5 20. Bxg7 Bxg7
21. f6 Re5 22. Rxg7+ Kh8 23. Qf4 Rh5 24. Re1 Rg8 25. Re7 Qd6 26. Rexf7 Rxg7 27.
fxg7+ Kg8 28. Rf8+ Kxg7 29. Qf7# 1-0

[Event "4NCL Online Div 5 Playoff"]
[Site "online"]
[Date "2020.12.01"]
[Round "8.22"]
[White "Wager, John D"]
[Black "Rasalingam, Haran"]
[Result "0-1"]
[WhiteElo "2057"]
[BlackElo "2065"]
[PlyCount "58"]
[EventDate "2020.12.01"]
[WhiteTeam "Maidenhead 1"]
[BlackTeam "Barnet Knights A"]

1. Nf3 f5 2. d3 Nf6 3. e4 e5 4. Nc3 Nc6 5. Bg5 Bb4 6. Be2 O-O 7. O-O Bxc3 8.
bxc3 fxe4 9. dxe4 d6 10. Rb1 Kh8 11. h3 Qe8 12. Nd2 Qg6 13. Bxf6 Bxh3 14. Bxg7+
Qxg7 15. Bf3 Bxg2 16. Bxg2 Rg8 17. Qf3 Raf8 18. Qh3 Rf6 19. f4 Rh6 20. Qf3 Rg6
21. Rf2 exf4 22. Qe2 Ne5 23. Rbf1 Rg3 24. Kh1 Qh6+ 25. Kg1 Qh3 26. Rb1 f3 27.
Nxf3 Nxf3+ 28. Kf1 Qh1+ 29. Bxh1 Rg1# 0-1

[Event "4NCL Online Div 5 Playoff"]
[Site "online"]
[Date "2020.12.01"]
[Round "8.23"]
[White "Covey, Jason"]
[Black "Milnes, Anthony C P"]
[Result "1-0"]
[WhiteElo "1990"]
[BlackElo "1960"]
[PlyCount "69"]
[EventDate "2020.12.01"]
[WhiteTeam "Barnet Knights A"]
[BlackTeam "Maidenhead 1"]

1. d4 e6 2. Nc3 d5 3. e4 Bb4 4. exd5 exd5 5. Bd3 Nf6 6. Bg5 h6 7. Bh4 O-O 8.
Nge2 c6 9. O-O Re8 10. a3 Bd6 11. Bg3 Bxg3 12. Nxg3 Be6 13. Qd2 Nbd7 14. Nce2
Nf8 15. Nf4 Qc7 16. Rfe1 Bd7 17. c3 Rxe1+ 18. Rxe1 Re8 19. Rxe8 Nxe8 20. h3 Ne6
21. Ngh5 Nxf4 22. Nxf4 Nf6 23. f3 Qd6 24. Qe3 Kf8 25. Be2 Bf5 26. Bd3 Bxd3 27.
Nxd3 Nd7 28. Kf2 b5 29. Qe2 Qe7 30. Nb4 Qf6 31. a4 a5 32. Nc2 bxa4 33. Qa6 c5
34. Qxa5 Qc6 35. Qd8# 1-0

[Event "4NCL Online Div 5 Playoff"]
[Site "online"]
[Date "2020.12.01"]
[Round "8.24"]
[White "Janota, Paul S"]
[Black "Kesterson, Kennan"]
[Result "0-1"]
[WhiteElo "1855"]
[BlackElo "1982"]
[PlyCount "84"]
[EventDate "2020.12.01"]
[WhiteTeam "Maidenhead 1"]
[BlackTeam "Barnet Knights A"]

1. e4 e6 2. d4 d5 3. e5 c5 4. c3 Nc6 5. Nf3 Qb6 6. Bd3 Bd7 7. dxc5 Bxc5 8. O-O
Qc7 9. b4 Bb6 10. Qe2 Nge7 11. a4 a6 12. Bd2 Ng6 13. Re1 O-O 14. h4 f6 15. exf6
Rxf6 16. Bg5 Rf7 17. Nbd2 Re8 18. b5 axb5 19. Bxb5 e5 20. h5 Nf4 21. Qf1 e4 22.
Nxe4 dxe4 23. Bc4 exf3 24. Bxf7+ Kxf7 25. Rxe8 Bxe8 26. Qc4+ Ne6 27. Re1 Ne5
28. Qd5 Bc6 29. Qxe5 Qxe5 30. Rxe5 Nxg5 31. Rxg5 fxg2 32. Rf5+ Ke6 33. Rf8 Bc5
34. Rg8 Kf6 35. a5 Bd5 36. Rd8 Ke5 37. Rd7 Bf8 38. c4 Be4 39. Rf7 Bb4 40. Rxg7
Bf8 41. Rg8 Bd6 42. Rf8 Bxf8 0-1

[Event "4NCL Online Div 5 Playoff"]
[Site "online"]
[Date "2020.12.15"]
[Round "9.11"]
[White "Eames, Robert S"]
[Black "Stoica, Savas Marin"]
[Result "1/2-1/2"]
[WhiteElo "2267"]
[BlackElo "2042"]
[PlyCount "82"]
[EventDate "2020.12.15"]
[WhiteTeam "Hackney Thirsty"]
[BlackTeam "Barnet Knights A"]

1. e4 c5 2. Nf3 Nc6 3. d4 cxd4 4. Nxd4 Nf6 5. Nc3 e5 6. Ndb5 d6 7. Bg5 a6 8.
Na3 b5 9. Bxf6 gxf6 10. Nd5 f5 11. Bd3 Be6 12. c3 Bg7 13. Nxb5 axb5 14. Bxb5
Bd7 15. exf5 O-O 16. Qg4 Kh8 17. O-O Rb8 18. a4 f6 19. Rfd1 Ne7 20. Nxe7 Qxe7
21. Rd5 Bxb5 22. axb5 Qb7 23. c4 Rg8 24. Rad1 Bf8 25. Qh3 Ra8 26. b3 Ra2 27.
Qh4 Rg5 28. Qe4 Qa7 29. c5 dxc5 30. h4 Rg7 31. Rd8 Rf7 32. Qc4 Ra1 33. Rxa1
Qxa1+ 34. Kh2 Qa7 35. Qe6 Kg7 36. h5 h6 37. Qc4 Qc7 38. Qg4+ Kh8 39. Re8 Qd7
40. Ra8 Qb7 41. Rd8 Qc7 1/2-1/2

[Event "4NCL Online Div 5 Playoff"]
[Site "online"]
[Date "2020.12.15"]
[Round "9.12"]
[White "Rasalingam, Haran"]
[Black "Mackle, Dominic"]
[Result "1-0"]
[WhiteElo "2065"]
[BlackElo "2192"]
[PlyCount "131"]
[EventDate "2020.12.15"]
[WhiteTeam "Barnet Knights A"]
[BlackTeam "Hackney Thirsty"]

1. e4 g6 2. d4 Bg7 3. Nc3 d6 4. Be3 a6 5. a4 b6 6. g3 Bb7 7. Bg2 Nd7 8. Nge2 c5
9. O-O cxd4 10. Bxd4 Bxd4 11. Qxd4 Ngf6 12. g4 O-O 13. g5 Nh5 14. Rad1 Rc8 15.
f4 f6 16. Ng3 Nxg3 17. hxg3 Qc7 18. Bh3 Rcd8 19. Rd2 Qc5 20. Nd5 Bxd5 21. exd5
Qxd4+ 22. Rxd4 fxg5 23. Bxd7 Rxd7 24. fxg5 Rxf1+ 25. Kxf1 Rc7 26. c4 a5 27. b3
Rc8 28. Ke2 Rf8 29. Re4 Rf7 30. Rf4 Kf8 31. Kd3 Ke8 32. Rxf7 Kxf7 33. Kc3 e5
34. dxe6+ Kxe6 35. Kd4 Kf5 36. Kd5 Kxg5 37. Kxd6 h5 38. Kc6 h4 39. gxh4+ Kxh4
40. Kxb6 g5 41. c5 g4 42. c6 g3 43. c7 g2 44. c8=Q g1=Q+ 45. Kxa5 Qg5+ 46. Kb4
Qd2+ 47. Qc3 Qd6+ 48. Qc5 Qd2+ 49. Kb5 Qd7+ 50. Qc6 Qf5+ 51. Ka6 Qb1 52. Qc4+
Kg5 53. Qc5+ Kf6 54. b4 Ke6 55. b5 Kd7 56. Qc6+ Kd8 57. a5 Qf5 58. b6 Qd3+ 59.
Ka7 Qe3 60. Qd6+ Ke8 61. a6 Qf2 62. Kb7 Qf7+ 63. Qc7 Qe6 64. Qc6+ Kd8 65. Qc7+
Ke8 66. Qc8+ 1-0

[Event "4NCL Online Div 5 Playoff"]
[Site "online"]
[Date "2020.12.15"]
[Round "9.13"]
[White "Tennyson, John"]
[Black "Covey, Jason"]
[Result "1-0"]
[WhiteElo "2020"]
[BlackElo "1990"]
[PlyCount "97"]
[EventDate "2020.12.15"]
[WhiteTeam "Hackney Thirsty"]
[BlackTeam "Barnet Knights A"]

1. c4 e5 2. g3 f5 3. Nc3 Nf6 4. Bg2 Bb4 5. e3 O-O 6. Nge2 d6 7. a3 Bxc3 8. Nxc3
Nc6 9. d3 Bd7 10. O-O Be8 11. b4 Rb8 12. Bb2 Bh5 13. Qd2 Qe8 14. f4 Bf7 15. Nd5
Nxd5 16. cxd5 Ne7 17. fxe5 Bxd5 18. exd6 Bxg2 19. dxe7 Qxe7 20. Kxg2 Rbe8 21.
Rae1 Qg5 22. Qf2 Qh6 23. Qf4 Qc6+ 24. Kg1 Qd7 25. Qd4 Qe7 26. Qd5+ Kh8 27. Rxf5
c6 28. Rxf8+ Rxf8 29. Qc4 a6 30. e4 b5 31. Qxc6 Qf7 32. Qc5 Qf3 33. Qe3 Qf7 34.
d4 Qa2 35. Re2 Qb1+ 36. Qc1 Qa2 37. d5 Qb3 38. Qc3 Qd1+ 39. Re1 Qg4 40. Rf1 Re8
41. d6 h6 42. e5 Qe6 43. Qc6 Rc8 44. Qf3 Rc2 45. Qa8+ Kh7 46. Qe4+ Qg6 47.
Qxg6+ Kxg6 48. d7 Rd2 49. e6 1-0

[Event "4NCL Online Division 6"]
[Site "online"]
[Date "2020.08.25"]
[Round "1.11"]
[White "Whiteside, Robert"]
[Black "Hughes, Mervyn"]
[Result "0-1"]
[WhiteElo "1792"]
[BlackElo "1952"]
[PlyCount "46"]
[EventDate "2020.08.25"]
[WhiteTeam "MK Phoenix 3"]
[BlackTeam "Broadland Falco Duboisi"]

1. e4 Nf6 2. Nc3 d5 3. exd5 Nxd5 4. Bc4 Nb6 5. Bb3 c5 6. Qe2 Nc6 7. Nf3 Bg4 8.
Bxf7+ Kxf7 9. Ng5+ Ke8 10. Qxg4 Qd4 11. Qxd4 Nxd4 12. Kd1 h6 13. Nge4 e6 14. a4
Kf7 15. d3 Nd5 16. b3 Nb4 17. Be3 Ndxc2 18. Rb1 Rd8 19. Ke2 Nd4+ 20. Bxd4 cxd4
21. Nb5 a6 22. Na3 Nd5 23. g3 Bxa3 0-1

[Event "4NCL Online Division 6"]
[Site "online"]
[Date "2020.08.25"]
[Round "1.12"]
[White "Payne, David J"]
[Black "Ward, George"]
[Result "1-0"]
[WhiteElo "1856"]
[BlackElo "1772"]
[PlyCount "75"]
[EventDate "2020.08.25"]
[WhiteTeam "Broadland Falco Duboisi"]
[BlackTeam "MK Phoenix 3"]

1. d4 Nf6 2. c4 e5 3. dxe5 Ng4 4. Nf3 Bc5 5. e3 Nc6 6. Be2 Ngxe5 7. Nc3 d6 8.
a3 a6 9. b4 Bb6 10. Bb2 O-O 11. O-O Be6 12. Nd5 Ba7 13. Qc2 Nxf3+ 14. Bxf3 Ne5
15. Bxe5 dxe5 16. Rad1 c6 17. Nf4 Qe7 18. Nxe6 Qxe6 19. c5 Rad8 20. Be4 Qh6 21.
Bd3 Bb8 22. e4 Bc7 23. Rfe1 Kh8 24. Re3 Rd4 25. Rh3 Qg6 26. Rg3 Qf6 27. Rf3 Qe6
28. h3 Rfd8 29. Be2 f6 30. Rfd3 h6 31. Bg4 Qe7 32. Qe2 Qf7 33. g3 Qc4 34. Rxd4
Rxd4 35. Qxc4 Rxc4 36. Rd7 Ba5 37. Bf5 Rd4 38. bxa5 1-0

[Event "4NCL Online Division 6"]
[Site "online"]
[Date "2020.08.25"]
[Round "1.13"]
[White "Solloway, Colin J"]
[Black "Saravanan, Karthik"]
[Result "1-0"]
[WhiteElo "1649"]
[BlackElo "1734"]
[PlyCount "119"]
[EventDate "2020.08.25"]
[WhiteTeam "MK Phoenix 3"]
[BlackTeam "Broadland Falco Duboisi"]

1. d4 Nf6 2. Nf3 g6 3. Bf4 Bg7 4. e3 O-O 5. h3 d6 6. Nbd2 Nh5 7. Bh2 c5 8. c3
cxd4 9. cxd4 b6 10. Rc1 Bb7 11. Qa4 a5 12. Bb5 Na6 13. O-O Nc7 14. Bc6 b5 15.
Qc2 Rb8 16. Ne4 Na6 17. Bxb7 Rxb7 18. Qc6 Rb6 19. Qd5 Nb4 20. Qb3 Qa8 21. Nfd2
Nf6 22. Nxf6+ Bxf6 23. a3 Nc6 24. d5 a4 25. Qd3 Na5 26. Rc2 b4 27. Ne4 Bg7 28.
axb4 Rxb4 29. Rc7 Qd8 30. Ra7 Nc4 31. Rc1 Nxb2 32. Qb1 Re8 33. Rcc7 a3 34. Rd7
Qc8 35. Bxd6 a2 36. Qxa2 Rxe4 37. Rac7 Qa8 38. Ra7 Ra4 39. Rxa8 Rexa8 40. Qb3
exd6 41. Qb7 Be5 42. f4 R4a7 43. Qxa7 Rxa7 44. Rxa7 Bc3 45. Kf1 Nc4 46. Ke2 Bb4
47. Ra4 Nxe3 48. Kxe3 Bc5+ 49. Kd3 Kg7 50. Ra8 h5 51. Ke4 Kf6 52. Re8 Bb4 53.
g4 hxg4 54. hxg4 g5 55. f5 Bd2 56. Rc8 Bf4 57. Rb8 Ke7 58. Ra8 Kd7 59. f6 Bd2
60. Rf8 1-0

[Event "4NCL Online Division 6"]
[Site "online"]
[Date "2020.08.25"]
[Round "1.14"]
[White "Badger, Paul"]
[Black "Cox, Lucian"]
[Result "1-0"]
[WhiteElo "1750"]
[BlackElo "1600"]
[PlyCount "129"]
[EventDate "2020.08.25"]
[WhiteTeam "Broadland Falco Duboisi"]
[BlackTeam "MK Phoenix 3"]

1. e4 c5 2. c3 d5 3. exd5 Qxd5 4. Nf3 Nf6 5. d4 cxd4 6. Qxd4 Qxd4 7. Nxd4 Nc6
8. Nb5 Kd8 9. Be2 Bf5 10. Nd2 e6 11. Nf3 Bc5 12. Bg5 Ke7 13. O-O Rhd8 14. Rad1
Kf8 15. Rxd8+ Rxd8 16. Rd1 Rxd1+ 17. Bxd1 Ne4 18. Be3 Bxe3 19. fxe3 a6 20. Nbd4
Nxd4 21. exd4 Bg4 22. Kf1 Nd2+ 23. Kf2 Nc4 24. b3 Nd6 25. Ke3 Nb5 26. c4 Nc3
27. Bc2 Nxa2 28. Ne5 Bf5 29. Bxf5 exf5 30. Nd7+ Ke7 31. Nc5 Nc1 32. Kd2 b6 33.
Nxa6 Nxb3+ 34. Kc3 Na5 35. Nc7 Kd7 36. Nd5 Kc6 37. Ne7+ Kd7 38. Nxf5 g6 39. Ne3
f5 40. Nd5 Kc6 41. Nf6 h5 42. Nd5 b5 43. Ne7+ Kb6 44. cxb5 Kxb5 45. Nxg6 Nc6
46. d5 Nb4 47. Kd4 Nc2+ 48. Ke5 Ne3 49. Nf4 h4 50. Ke6 Kc5 51. d6 Nc4 52. d7
Kd4 53. d8=Q+ Ke4 54. Qd3+ Kxf4 55. Qxc4+ Ke3 56. Kxf5 Kf2 57. Kf4 Kxg2 58.
Qe2+ Kh1 59. Qf1+ Kxh2 60. Kg4 h3 61. Qxh3+ Kg1 62. Qe3+ Kh1 63. Qe2 Kg1 64.
Kg3 Kh1 65. Qf1# 1-0

[Event "4NCL Online Division 6"]
[Site "online"]
[Date "2020.08.25"]
[Round "1.21"]
[White "Albu, Gheorghe"]
[Black "Sarpotdar, Amogh"]
[Result "1-0"]
[WhiteElo "2132"]
[BlackElo "2020"]
[PlyCount "49"]
[EventDate "2020.08.25"]
[WhiteTeam "Braunstone"]
[BlackTeam "Stroud Middles"]

1. e4 e5 2. Nf3 Nc6 3. Bb5 a6 4. Ba4 Nf6 5. O-O Be7 6. Re1 b5 7. Bb3 O-O 8. d4
d6 9. c3 Bg4 10. Be3 Na5 11. dxe5 Bxf3 12. Qxf3 dxe5 13. Nd2 c5 14. Nf1 Qd3 15.
Rad1 Qxe4 16. Qxe4 Nxe4 17. Bd5 Nf6 18. Bxa8 Rxa8 19. Bg5 Nc6 20. Ne3 h6 21.
Bh4 Re8 22. Nf5 Kh7 23. Nxe7 Rxe7 24. Bxf6 gxf6 25. Rd6 1-0

[Event "4NCL Online Division 6"]
[Site "online"]
[Date "2020.08.25"]
[Round "1.22"]
[White "Killey, Ainsley"]
[Black "Tang, Julian"]
[Result "1-0"]
[WhiteElo "1577"]
[BlackElo "1840"]
[PlyCount "101"]
[EventDate "2020.08.25"]
[WhiteTeam "Stroud Middles"]
[BlackTeam "Braunstone"]

1. e4 d5 2. exd5 Qxd5 3. Nc3 Qd8 4. Bd3 e5 5. Nf3 Bd6 6. O-O Nf6 7. h3 O-O 8.
b3 b6 9. Ne4 Bb7 10. Qe2 Nbd7 11. Bb2 Nxe4 12. Bxe4 Bxe4 13. Qxe4 f5 14. Qc4+
Kh8 15. d3 Qf6 16. Rae1 Rae8 17. Re2 Qg6 18. Rfe1 Qf6 19. Qd5 Re7 20. Nxe5 Qg5
21. Nf3 Rxe2 22. Rxe2 Qh5 23. Qd4 Nf6 24. Qh4 Qg6 25. Ne5 Qe8 26. Kf1 Bxe5 27.
Bxe5 Qc6 28. Qd4 h6 29. Bxf6 Rxf6 30. c4 Rd6 31. Qe3 Kh7 32. d4 Rg6 33. d5 Qd6
34. Qe5 Qxe5 35. Rxe5 c6 36. dxc6 Rxc6 37. Rxf5 Kg6 38. Rd5 Rc7 39. Ke2 Kf6 40.
Kd3 Ke6 41. f4 g6 42. g4 Rf7 43. Ke4 Re7 44. Re5+ Kf6 45. Rxe7 Kxe7 46. Ke5 Kf7
47. f5 gxf5 48. gxf5 h5 49. b4 h4 50. c5 bxc5 51. bxc5 1-0

[Event "4NCL Online Division 6"]
[Site "online"]
[Date "2020.08.25"]
[Round "1.23"]
[White "Booley, Graham M"]
[Black "Davis, Cameron"]
[Result "0-1"]
[WhiteElo "1825"]
[BlackElo "1487"]
[PlyCount "52"]
[EventDate "2020.08.25"]
[WhiteTeam "Braunstone"]
[BlackTeam "Stroud Middles"]

1. e4 c5 2. Nc3 Nc6 3. g3 g6 4. Bg2 Bg7 5. d3 d6 6. f4 e6 7. Be3 Nge7 8. Nf3
Nd4 9. O-O O-O 10. g4 f5 11. exf5 exf5 12. g5 Rb8 13. Bxd4 cxd4 14. Ne2 Qb6 15.
Qd2 Nd5 16. Qd1 Ne3 17. Qc1 Nxf1 18. Kxf1 Bd7 19. h4 Bc6 20. Rb1 Rbc8 21. Qd2
Rfe8 22. Ne1 Bxg2+ 23. Nxg2 Qc6 24. Rc1 b5 25. Kg1 Re7 26. h5 Qf3 0-1

[Event "4NCL Online Division 6"]
[Site "online"]
[Date "2020.08.25"]
[Round "1.24"]
[White "Sarpotdar, Angad"]
[Black "Abubakar, Abdi"]
[Result "1-0"]
[WhiteElo "1450"]
[BlackElo "1765"]
[PlyCount "99"]
[EventDate "2020.08.25"]
[WhiteTeam "Stroud Middles"]
[BlackTeam "Braunstone"]

1. e4 c5 2. Nc3 g6 3. f4 e6 4. e5 a6 5. Ne4 d5 6. exd6 Bxd6 7. d3 Nf6 8. Nxd6+
Qxd6 9. Nf3 Nc6 10. Be2 Nd4 11. O-O O-O 12. c3 Nf5 13. b3 Nd5 14. Qd2 Nde3 15.
Re1 Qxf4 16. Bf1 Bd7 17. Rxe3 Nxe3 18. Qxe3 Qxe3+ 19. Bxe3 b6 20. Ne5 Rad8 21.
Bh6 Rfe8 22. Ng4 Bc6 23. Nf6+ Kh8 24. Nxe8 Rxe8 25. Be2 f5 26. Re1 Kg8 27. d4
cxd4 28. cxd4 b5 29. Rc1 Rc8 30. Bf3 Bd7 31. Rxc8+ Bxc8 32. Bc6 Kf7 33. Bg5 Kg7
34. Kf2 h6 35. Bd8 g5 36. Ke3 f4+ 37. Ke4 Kg6 38. Ke5 h5 39. Be8+ Kh6 40. Bf7
Bb7 41. Bxe6 Bxg2 42. d5 f3 43. Bb6 g4 44. d6 Kg5 45. d7 h4 46. d8=Q+ Kh5 47.
Qh8+ Kg5 48. Qg7+ Kh5 49. Kf5 h3 50. Qh7# 1-0

[Event "4NCL Online Division 6"]
[Site "online"]
[Date "2020.08.25"]
[Round "1.31"]
[White "Vyas, Alisha"]
[Black "Porter, Sam J"]
[Result "0-1"]
[WhiteElo "1682"]
[BlackElo "1975"]
[PlyCount "92"]
[EventDate "2020.08.25"]
[WhiteTeam "Barnet Knights C"]
[BlackTeam "Imperial Knightriders"]

1. e4 e5 2. Nf3 Nc6 3. Bb5 Nf6 4. d3 d6 5. c3 Bd7 6. O-O Be7 7. Re1 O-O 8. Nbd2
a6 9. Ba4 b5 10. Bc2 Na5 11. d4 exd4 12. cxd4 c5 13. Nf1 Bg4 14. d5 Nc4 15.
N1d2 Nd7 16. Nxc4 bxc4 17. h3 Bxf3 18. Qxf3 Bf6 19. Rb1 Qa5 20. Bf4 Rfb8 21.
Bxd6 Rxb2 22. Re2 Qxa2 23. Rxb2 Qxb2 24. Qf5 Ne5 25. Bxe5 Bxe5 26. g3 g6 27.
Qd7 Qb6 28. f4 Rd8 29. Qa4 Bd4+ 30. Kg2 Qb5 31. g4 c3 32. Kf3 Kg7 33. Qa2 c4
34. Qa3 a5 35. h4 Qb4 36. Qa4 Rb8 37. e5 Bb6 38. Qc6 Qe7 39. e6 Qxh4 40. Qxc4
Qh3+ 41. Ke4 f6 42. Qd3 Qxg4 43. d6 Qxe6+ 44. Kf3 Qh3+ 45. Ke4 Qh1+ 46. Qf3 f5+
0-1

[Event "4NCL Online Division 6"]
[Site "online"]
[Date "2020.08.25"]
[Round "1.32"]
[White "Barron, Luke J"]
[Black "Sarkar, Rian"]
[Result "1-0"]
[WhiteElo "1927"]
[BlackElo "1600"]
[PlyCount "75"]
[EventDate "2020.08.25"]
[WhiteTeam "Imperial Knightriders"]
[BlackTeam "Barnet Knights C"]

1. c4 Nf6 2. Nc3 g6 3. g3 Bg7 4. Bg2 d6 5. e4 e5 6. d3 O-O 7. Nge2 Be6 8. O-O
Nc6 9. h3 Qd7 10. Kh2 Rac8 11. Be3 Ne7 12. b3 b6 13. d4 exd4 14. Nxd4 c5 15.
Nxe6 Qxe6 16. Qc2 Nc6 17. Rad1 Rfd8 18. Ne2 Nb4 19. Qb1 a6 20. Bd2 Nc6 21. Nf4
Qe8 22. Bc3 Ne5 23. Rfe1 b5 24. cxb5 axb5 25. Nd5 Nxd5 26. exd5 Qd7 27. Qa1 Re8
28. f4 b4 29. Bb2 Nd3 30. Rxe8+ Rxe8 31. Bxg7 Nf2 32. Bh6 f5 33. Re1 Rc8 34.
Qf6 Qf7 35. Qxd6 Kh8 36. Re7 Qg8 37. Qe5+ Qg7 38. Qxg7# 1-0

[Event "4NCL Online Division 6"]
[Site "online"]
[Date "2020.08.25"]
[Round "1.33"]
[White "Gardner, Tim"]
[Black "Jost, Jan Niklas"]
[Result "1-0"]
[WhiteElo "1600"]
[BlackElo "1840"]
[PlyCount "63"]
[EventDate "2020.08.25"]
[WhiteTeam "Barnet Knights C"]
[BlackTeam "Imperial Knightriders"]

1. e4 c5 2. d4 cxd4 3. c3 dxc3 4. Nxc3 Nc6 5. Bc4 d6 6. Nf3 e5 7. Ng5 Nh6 8.
O-O Be7 9. Nf3 Ng4 10. h3 Nf6 11. Be3 O-O 12. a3 a6 13. Ba2 Bd7 14. Rc1 Rc8 15.
Nd2 Be6 16. Nd5 Bxd5 17. exd5 Nb8 18. Qf3 Re8 19. Ne4 Nxe4 20. Qxe4 Nd7 21.
Rxc8 Qxc8 22. Rc1 Qd8 23. Qb4 b5 24. Rc6 Nb8 25. Rc3 Qd7 26. Bb1 Rc8 27. Qe4 g6
28. f4 f5 29. Qc2 Rxc3 30. Qxc3 Qb7 31. Ba2 Nd7 32. Qc6 1-0

[Event "4NCL Online Division 6"]
[Site "online"]
[Date "2020.08.25"]
[Round "1.34"]
[White "Eggl, Maximilian"]
[Black "Angelopoulos, Andreas"]
[Result "1-0"]
[WhiteElo "1622"]
[BlackElo "1540"]
[PlyCount "75"]
[EventDate "2020.08.25"]
[WhiteTeam "Imperial Knightriders"]
[BlackTeam "Barnet Knights C"]

1. c4 Nf6 2. Nc3 e6 3. g3 Bb4 4. Bg2 O-O 5. e3 c6 6. Nge2 d5 7. cxd5 exd5 8.
O-O Bf5 9. Qb3 Na6 10. d4 Qd7 11. Bd2 Rfe8 12. a3 Bxc3 13. bxc3 Ne4 14. Rfd1
Re6 15. Nf4 Rh6 16. f3 Ng5 17. h4 Nh3+ 18. Nxh3 Bxh3 19. Kf2 Bxg2 20. Kxg2 Rb8
21. e4 dxe4 22. Bxh6 exf3+ 23. Kxf3 gxh6 24. Rf1 Qf5+ 25. Kg2 Qe4+ 26. Kh3 Qg6
27. Rf4 Qe6+ 28. Qxe6 fxe6 29. Raf1 Nc7 30. Rf6 Nd5 31. Rxh6 Nxc3 32. Rxe6 Nb5
33. Re7 b6 34. Rff7 a5 35. Rxh7 Nxd4 36. Reg7+ Kf8 37. Rd7 Nb5 38. Rh8# 1-0

[Event "4NCL Online Division 6"]
[Site "online"]
[Date "2020.08.25"]
[Round "1.41"]
[White "Mooney, Graham"]
[Black "Wilson, Matthew R"]
[Result "1-0"]
[WhiteElo "1896"]
[BlackElo "1758"]
[PlyCount "55"]
[EventDate "2020.08.25"]
[WhiteTeam "Dundee City B"]
[BlackTeam "Wolves Pack"]

1. e4 e5 2. Nf3 Nf6 3. Nc3 Nc6 4. Bb5 Bc5 5. O-O O-O 6. d3 Nd4 7. Nxe5 d6 8.
Nf3 Bg4 9. Bg5 h6 10. Bh4 c6 11. Bc4 b5 12. Bb3 a5 13. a4 b4 14. Nb1 g5 15. Bg3
Nh5 16. Nbd2 Qf6 17. Rb1 Rfe8 18. Re1 Kg7 19. c3 bxc3 20. bxc3 Nxf3+ 21. gxf3
Bh3 22. d4 Bb6 23. e5 dxe5 24. Bxe5 Rxe5 25. Rxe5 Bc7 26. Ne4 Qf4 27. Ng3 Bxe5
28. Nxh5+ 1-0

[Event "4NCL Online Division 6"]
[Site "online"]
[Date "2020.08.25"]
[Round "1.42"]
[White "Hayden, Luke"]
[Black "Gregory, Sam"]
[Result "0-1"]
[WhiteElo "1581"]
[BlackElo "1861"]
[PlyCount "66"]
[EventDate "2020.08.25"]
[WhiteTeam "Wolves Pack"]
[BlackTeam "Dundee City B"]

1. e4 c5 2. c3 d5 3. exd5 Qxd5 4. d4 Nf6 5. Nf3 e6 6. Na3 Nc6 7. Bc4 Qd8 8. O-O
cxd4 9. Nb5 a6 10. Nbxd4 Nxd4 11. Qxd4 Qxd4 12. Nxd4 b5 13. Be2 Bb7 14. Bg5 Be7
15. Bf3 Bxf3 16. Nxf3 h6 17. Bf4 O-O 18. Rad1 Rfd8 19. Ne5 Rac8 20. Rxd8+ Bxd8
21. Rd1 Nd5 22. Bg3 Bb6 23. Nd3 a5 24. Nf4 Nf6 25. Kf1 g5 26. Ne2 b4 27. h4 Ne4
28. Rd3 f5 29. hxg5 hxg5 30. f4 Kf7 31. fxg5 bxc3 32. Nxc3 Rd8 33. Rxd8 Nxg3+
0-1

[Event "4NCL Online Division 6"]
[Site "online"]
[Date "2020.08.25"]
[Round "1.43"]
[White "Babin, Andre"]
[Black "Gliddon, Daniel J"]
[Result "1-0"]
[WhiteElo "1833"]
[BlackElo "1509"]
[PlyCount "83"]
[EventDate "2020.08.25"]
[WhiteTeam "Dundee City B"]
[BlackTeam "Wolves Pack"]

1. b3 e5 2. Bb2 Nc6 3. e3 Nf6 4. Bb5 Bd6 5. d4 exd4 6. Bxc6 dxc6 7. Qxd4 Qe7 8.
Nf3 Bg4 9. Nbd2 Bc5 10. Qf4 Bxf3 11. Bxf6 Qxf6 12. Qxf6 gxf6 13. Nxf3 Bb4+ 14.
Ke2 O-O-O 15. Rad1 Bd6 16. g3 Be7 17. Nh4 Rxd1 18. Rxd1 Rd8 19. Rxd8+ Kxd8 20.
Kd3 Kd7 21. Ke4 Ke6 22. Nf5 Bc5 23. Ng7+ Ke7 24. Kf5 Bb4 25. c4 b5 26. Ke4 Bc3
27. Nf5+ Ke6 28. Nd4+ Kd6 29. cxb5 Bxd4 30. Kxd4 cxb5 31. b4 a6 32. g4 c5+ 33.
bxc5+ Kc6 34. f4 a5 35. e4 a4 36. a3 h6 37. e5 Kd7 38. exf6 Kc6 39. g5 hxg5 40.
fxg5 Kd7 41. g6 fxg6 42. c6+ 1-0